[Event "FIDE WCC 2018"]
[Site "Khanty-Mansiysk"]
[Date "2018.11.09"]
[Round "3.1"]
[White "Galliamova, Alisa"]
[Black "Lei, Tingjie"]
[Result "1/2-1/2"]
[WhiteElo "2432"]
[BlackElo "2457"]
[Annotator "TA"]
[PlyCount "40"]
[EventDate "2018.11.03"]
[EventType "k.o."]
[EventCountry "RUS"]
[SourceTitle "playchess.com"]
[Source "ChessBase"]
[SourceQuality "1"]

{[%evp 23,40,16,20,0,6,0,0,0,0,0,0,0,0,-12,-16,-17,10,0,0]} 1. d4 Nf6 2. Nf3 d5 3. c4 e6 4. g3 Be7 5. Bg2 O-O 6. O-O dxc4 7. Qc2 a6 8. a4 Bd7 9. Qxc4 Bc6 10. Bf4 Bd6 11. Bg5 Nbd7 12. Nc3 h6 {LiveBook: 45 Games. The position is equal. E05: Open Catalan: 5 Nf3 Be7} 13. Bc1 {[#]} Qe7 $146 ({Predecessor:} 13... a5 14. b3 Qe7 15. Bb2 Rfd8 16. Rac1 Ba3 17. Bxa3 Qxa3 18. Nb5 Qe7 19. Qc2 Bxf3 20. Bxf3 {½-½ (31) Ding,L (2769)-Mamedyarov,S (2809) Berlin 2018}) 14. a5 Rac8 15. Re1 Bb4 16. Bd2 Rfd8 17. Qb3 Rb8 18. Nb1 Bd6 19. Nc3 Bb4 20. Nb1 Bd6 {Precision: White = 48%, Black = 68%.} 1/2-1/2

[Event "FIDE WCC 2018"]
[Site "Khanty-Mansiysk"]
[Date "2018.11.09"]
[Round "3.1"]
[White "Zawadzka, Jolanta"]
[Black "Abdumalik, Zhansaya"]
[Result "1-0"]
[WhiteElo "2407"]
[BlackElo "2473"]
[Annotator "TA"]
[PlyCount "107"]
[EventDate "2018.11.03"]
[EventType "k.o."]
[EventCountry "RUS"]
[SourceTitle "playchess.com"]
[Source "ChessBase"]
[SourceQuality "1"]

{[%evp 18,107,30,20,41,32,46,41,39,19,20,20,25,22,28,12,33,23,84,47,41,30,44,31,22,27,73,20,22,19,34,33,38,42,41,37,83,70,107,84,92,95,146,108,139,150,156,154,301,309,361,354,433,216,229,221,375,385,793,793,786,783,998,935,911,911,864,468,741,865,856,827,790,712,889,871,822,820,956,935,895,890,29979,29980,29989,29990,29993,29994,29996,29985,29985,29986]} 1. e4 e5 2. Nf3 Nc6 3. Bc4 Bc5 4. c3 Nf6 5. d4 exd4 6. e5 d5 7. Be2 {C54: Giuoco Piano: 4 c3 Nf6, main lines with 5 d4 and 5 d3} (7. Bb5 Ne4 8. cxd4 Bb6 9. Nc3 O-O 10. Be3 Bg4 11. h3 Bh5 12. Qc2 Bg6 13. Qb3 Ne7 14. O-O c6 15. Bd3 Kh8 16. Nh4 c5 17. Nxg6+ fxg6 18. Bxe4 cxd4 19. Nxd5 Nxd5 {1-0 (51) Jones,G (2677)-Aronian,L (2780) Douglas 2018}) 7... Ne4 8. cxd4 Be7 9. O-O O-O 10. Nc3 {LiveBook: 4 Games} Bg4 11. h3 Bh5 12. Be3 $146 ({Predecessor:} 12. Nh2 Bxe2 13. Nxe2 f5 14. f3 Ng5 15. Bxg5 Bxg5 {1-0 (69) Zaleski,L (1731)-Kozakow,A (1455) Mielno 2011}) 12... f5 13. exf6 Bxf6 14. Re1 Kh8 15. Rc1 a6 16. Nh2 Bg6 17. Ng4 Bh4 (17... Be7 $11 {keeps the balance.}) 18. Nxe4 Bxe4 19. Bd3 Nb4 20. Bb1 Bxb1 21. Rxb1 Nc6 22. Qd2 ({White should try} 22. Ne5 $16) 22... Be7 $11 {next ...Bb4 is good for Black.} 23. a3 a5 24. Re2 Bd6 25. Rbe1 Qc8 26. Ne5 {[%cal Bg4e5,Be5d3,Bd3c5,Bc5e6][%mdl 32]} Ne7 27. Bf4 Ng8 28. Bh2 Nf6 29. f3 Ra6 ({Black should play} 29... Qb8) 30. Nd3 $16 Bxh2+ 31. Kxh2 Ng8 32. Nc5 Rh6 (32... Ra8 $16 {was worth a try.} 33. Ne6 Rf7) 33. Ne6 $18 Rff6 {[%cal Rf6e6] [#]} 34. Ng5 $1 Rhg6 35. f4 (35. Re8 $142 Qd7 36. Rb8 Qd6+ 37. Kh1) 35... Qf5 36. g3 h6 $2 {[#]} (36... Rf8 {was called for.} 37. Re5 (37. Qxa5 Rc6 $18) 37... Qd7 38. Qxa5 Rb6) 37. Nf3 $1 b6 $2 (37... Rd6 38. Nh4 Qf7 39. Nxg6+ Qxg6 40. Qxa5 Rd7) 38. Nh4 Qd7 39. Qd3 Qd6 40. Nxg6+ Rxg6 41. Re8 {aiming for Qf5.} Rf6 42. R1e5 Qc6 (42... Rf8 $142 43. Rxd5 Qxd5 44. Rxf8 c5) 43. Rc8 Re6 44. Qc3 Kh7 45. Rxc7 Qd6 46. Qc2+ Kh8 47. Rc8 Rxe5 48. dxe5 {[%cal Bd4e5,Be5e6,Be6e7][%mdl 4128] Endgame KQR-KQN} Qe6 49. Qc6 Qf5 50. Qe8 {[%csl Gc8][%cal Re8g8] White mates.} Qh7 51. e6 d4 52. e7 d3 53. Qxg8+ Qxg8 54. Rxg8+ {Precision: White = 58%, Black = 32%.} 1-0

[Event "FIDE WCC 2018"]
[Site "Khanty-Mansiysk"]
[Date "2018.11.09"]
[Round "3.1"]
[White "Zhai, Mo"]
[Black "Ju, Wenjun"]
[Result "0-1"]
[WhiteElo "2352"]
[BlackElo "2568"]
[Annotator "TA"]
[PlyCount "100"]
[EventDate "2018.11.03"]
[EventType "k.o."]
[EventCountry "RUS"]
[SourceTitle "playchess.com"]
[Source "ChessBase"]
[SourceQuality "1"]

{[%evp 15,100,26,26,20,21,12,17,0,0,0,-4,-5,-6,-18,-5,-8,-11,-12,-10,0,0,-4,-35,-98,-98,-98,-98,-98,-98,-98,-98,-98,-98,-98,-98,-98,-98,-98,-98,-98,-98,-98,-98,-98,-98,-98,-98,-98,-98,-232,-232,-232,-232,-232,-224,-232,-232,-231,-231,-231,-224,-479,-344,-369,0,-216,0,-483,-452,-385,-254,-258,-260,-405,-405,-405,-405,-403,-375,-615,-578,-702,-695,-972,-818,-29994,-29995]} 1. c4 e5 2. g3 c6 3. Nf3 e4 4. Nd4 Qb6 5. Nb3 Nf6 6. Bg2 {A20: English Opening: 1...e5} d5 (6... a5 7. d3 a4 8. N3d2 d5 9. cxd5 exd3 10. O-O cxd5 11. exd3 Nc6 12. Nc3 Qa5 13. Re1+ {0-1 (34) Navara,D (2737)-Caruana,F (2807) Saint Louis 2017}) 7. cxd5 a5 8. a4 cxd5 {LiveBook: 3 Games} 9. O-O Na6 $146 ({Predecessor:} 9... d4 10. d3 Be6 11. N3d2 exd3 12. exd3 {0-1 (49) Djurhuus,E (2149)-Tari,A (2499) Oslo 2015}) 10. d3 Nc5 11. Nxc5 Bxc5 12. dxe4 dxe4 13. Nc3 e3 $36 {[%mdl 2048] Black has good play.} 14. fxe3 Bxe3+ 15. Kh1 {Strongly threatening Rxf6!} Bxc1 16. Rxc1 {Threatens to win with Rxf6!} O-O 17. Nd5 Nxd5 18. Qxd5 Qxb2 19. Rxf7 (19. Rb1 $15 Qc2 20. Qd1) 19... Rxf7 $17 20. Rf1 {[#]} Bf5 $1 21. Rxf5 Qc1+ $1 22. Rf1 Qc7 23. Qb3 {[#]} Kf8 $1 24. Qa3+ Qe7 25. Rxf7+ Kxf7 {[%mdl 4096] Endgame KQR-KQB} 26. Bd5+ Kf8 27. Qf3+ Qf6 {aiming for ...Qxf3+.} 28. Qa3+ Ke8 {[%cal Rf6f1]} 29. Kg2 Rc8 30. Qd3 Qe5 31. Bf3 g6 32. h4 (32. Bxb7 $17 Rc3 33. Qa6) 32... Rc7 $19 33. Qb3 Kf8 34. Qd3 Kg7 35. Qd8 Rf7 36. Qb6 Re7 37. Qd8 Qc5 38. Qb8 $2 (38. h5 {keeps fighting.}) 38... Qd4 39. Qc8 Qe5 (39... h5 $142 40. Qc2 b6) 40. Qd8 Qc5 $2 (40... Rc7 41. h5 Rf7 42. hxg6 hxg6) 41. Qb8 $1 Qc7 42. Qa8 h6 43. Bd5 Rxe2+ 44. Kf3 {[#]} (44. Kf1 {is the only way for White.} Re1+ {[%mdl 64] Decoy} 45. Kxe1 Qe5+ 46. Kf2 Qxd5 47. Qc8) 44... Re7 $1 {( -> ...Qc3+)} 45. Qg8+ Kf6 46. Qh8+ Rg7 47. Qf8+ $2 (47. Be4 Ke5 48. Bb1) 47... Ke5 48. Ba2 {[%csl Gf3,Gg3][%cal Rf8f4]} Qc6+ {[%mdl 64] Double Attack} 49. Ke2 {[%csl Gg3][%cal Rf8f4]} Qe4+ 50. Kd1 Rd7+ {Accuracy: White = 53%, Black = 78%.} 0-1

[Event "FIDE WCC 2018"]
[Site "Khanty-Mansiysk"]
[Date "2018.11.09"]
[Round "3.1"]
[White "Alinasab, Mobina"]
[Black "Muzychuk, Mariya"]
[Result "1/2-1/2"]
[WhiteElo "2236"]
[BlackElo "2545"]
[Annotator "TA"]
[PlyCount "120"]
[EventDate "2018.11.03"]
[EventType "k.o."]
[EventCountry "RUS"]
[SourceTitle "playchess.com"]
[Source "ChessBase"]
[SourceQuality "1"]

{[%evp 28,120,43,40,57,67,75,60,62,68,58,74,131,124,114,94,145,129,158,147,153,146,132,135,186,187,208,209,208,193,194,190,194,139,147,147,156,159,158,145,180,166,165,183,172,187,187,187,170,175,308,210,207,206,326,326,352,356,330,239,903,883,829,802,771,700,787,713,2582,391,1663,0,0,0,0,0,0,0,0,0,0,0,0,0,0,0,0,0,0,0,0,0,0,0,0]} 1. e4 c5 2. Nf3 Nc6 3. d4 cxd4 4. Nxd4 Nf6 5. Nc3 e5 6. Ndb5 d6 7. Bg5 a6 8. Na3 b5 9. Bxf6 gxf6 10. Nd5 Bg7 11. Bd3 Ne7 12. Nxe7 Qxe7 13. O-O O-O 14. c4 f5 15. Qh5 {LiveBook: 195 Games} Qf6 {B33: Sicilian: Pelikan and Sveshnikov Variations} (15... bxc4 16. Nxc4 d5 17. exd5 e4 18. Be2 f4 19. Rad1 Qd8 20. f3 e3 21. g3 Qf6 22. Kh1 fxg3 23. hxg3 {½-½ (42) Fedorchuk,S (2626)-Lagarde,M (2615) Escaldes 2018}) 16. exf5 Bb7 $1 17. Rae1 Rfd8 {White is slightly better.} 18. b3 Qh6 $146 ({Predecessor:} 18... Rac8 19. Nc2 Qh6 20. Qg4 bxc4 21. bxc4 e4 22. Rxe4 Bxe4 23. Qxe4 {½-½ (38) Janisch,M (2317)-MacTilstra,I (2110) ICCF email 2015}) 19. Qg4 Kh8 (19... d5 $142) 20. Be4 Bxe4 21. Qxe4 Qd2 ({Black should try} 21... Qf4) 22. Nc2 (22. cxb5 d5 $14) 22... d5 23. cxd5 Qxd5 24. Qh4 f6 25. Qh5 Rac8 (25... Qd2 $16) 26. Rd1 $18 Qb7 27. Rxd8+ Rxd8 28. Ne3 Bf8 29. Rd1 Rd4 30. Qe8 (30. h3 $18) 30... Rxd1+ $16 31. Nxd1 {[%cal Re8f8]} Kg7 32. Ne3 Bc5 33. h3 Bxe3 34. fxe3 {[%mdl 4096] Endgame KQ-KQ} Qe4 35. Qe7+ Kg8 {[#]} 36. Qe6+ $1 (36. Qxf6 Qxe3+ 37. Kh2 Qf4+ 38. Kh1 Qf1+ 39. Kh2 Qf4+ 40. Kg1 Qc1+ 41. Kf2 Qf4+ 42. Ke2 Qe4+ 43. Kf1 Qf4+ 44. Ke2 Qe4+ 45. Kd2 Qd4+ 46. Kc2 Qe4+ 47. Kc1 Qe1+ 48. Kc2 Qe4+ 49. Kc1 Qf4+ 50. Kd1 Qf1+ 51. Kc2 Qxg2+ 52. Kb1 Qe4+ 53. Kb2 Qd4+ 54. Kb1 Qg1+ 55. Kb2 Qf2+ 56. Kc3 Qe1+ 57. Kb2 Qf2+ 58. Ka3 Qc5+ 59. Kb2 Qf2+ $11) 36... Kg7 {[#]} 37. Kf2 $1 {Black must now prevent Qe7+.} (37. Qxa6 Qxe3+ 38. Kh2 Qf4+ 39. Kg1 Qc1+ 40. Kf2 Qf4+ 41. Kg1 Qe3+ 42. Kh2 Qf4+ 43. Kh1 Qxf5 $11) 37... Qc2+ 38. Kg3 Qc5 (38... Qxa2 $142 39. Qe7+ Kg8) 39. Kf3 ({Not} 39. Qxa6 Qxe3+ 40. Kh2 Qf4+ 41. Kg1 Qe3+ 42. Kh2 Qf4+ 43. Kg1 Qe3+ 44. Kh2 $11) 39... a5 40. Qd7+ Kg8 (40... Kh6 {was called for.} 41. Qd8 Kg5 42. Qg8+ (42. Qxa5 Qc6+ 43. e4 Qc1 $16) 42... Kh6) 41. h4 $18 a4 42. h5 ({But not} 42. bxa4 bxa4 43. Qxa4 Qd6 $18) 42... e4+ 43. Kf4 {Hoping for Qe6+.} Kf8 $2 (43... Qe5+ 44. Kg4 Qh2) 44. h6 Qe5+ 45. Kg4 Qb2 46. Kh3 axb3 47. Qxh7 {Qg7+ would kill now.} Qc1 48. Qg7+ Ke8 49. h7 $2 (49. Kh2 $18 {White wants to mate with h7.} Qxe3 50. Qg6+ Kd7 51. h7 Qf4+ 52. Kh3 Qe3+ 53. g3) 49... Qh1+ $11 {The position is equal.} 50. Kg3 Qe1+ 51. Kg4 {[%cal Rh7h8]} Qd1+ $1 52. Kg3 {[%cal Rh7h8]} Qe1+ 53. Kf4 {[%cal Rh7h8]} Qf1+ $1 54. Kxe4 {[%cal Rh7h8]} Qc4+ 55. Kf3 Qf1+ 56. Kg3 {[%cal Rh7h8]} Qe1+ 57. Kg4 {[%cal Rh7h8]} Qd1+ $1 58. Kh3 {[%cal Rh7h8]} Qh1+ 59. Kg3 Qe1+ 60. Kf3 {[%cal Rh7h8]} Qf1+ {Precision: White = 86%, Black = 67%.} 1/2-1/2

[Event "FIDE WCC 2018"]
[Site "Khanty-Mansiysk"]
[Date "2018.11.10"]
[Round "3.2"]
[White "Ju, Wenjun"]
[Black "Zhai, Mo"]
[Result "1/2-1/2"]
[WhiteElo "2568"]
[BlackElo "2352"]
[Annotator "TA"]
[PlyCount "80"]
[EventDate "2018.11.03"]
[EventType "k.o."]
[EventCountry "RUS"]
[SourceTitle "playchess.com"]
[Source "ChessBase"]
[SourceQuality "1"]

{[%evp 35,80,88,86,28,40,0,0,0,91,0,92,16,72,71,89,89,98,87,91,91,135,74,70,33,83,75,68,74,79,66,83,83,83,84,96,81,81,69,82,68,68,66,66,0,68,0,68]} 1. Nf3 c5 2. c4 g6 3. d4 cxd4 4. Nxd4 Nc6 5. e4 Bg7 6. Be3 Nf6 7. Nc3 d6 8. Be2 O-O 9. O-O Bd7 10. Qd2 Nxd4 11. Bxd4 a6 12. Rfd1 Bc6 13. f3 a5 14. b3 Nd7 15. Rac1 Nc5 16. Be3 Qb6 17. Nd5 Bxd5 18. cxd5 Rfc8 {LiveBook: 3 Games} 19. Kh1 {B38: Sicilian: Maroczy Bind with 5...Bg7 and 7...0-0} (19. g3 $16) (19. Rc4 Qd8 20. Rdc1 Qd7 21. Bxc5 Rxc5 22. Rxc5 dxc5 23. Rxc5 Rc8 24. Bb5 Qd8 25. Qe3 Rxc5 26. Qxc5 e5 {½-½ (36) Moroni,L (2321)-Dvirnyy,D (2515) Padova 2014}) 19... Qb4 $11 20. Rc2 Qxd2 21. Bxd2 ({Don't take} 21. Rdxd2 b6 $16) 21... Be5 $146 (21... a4 $1 $11 {keeps the balance.}) ({Predecessor:} 21... a4) 22. g3 (22. Bb5 $16) 22... Kg7 (22... a4 $1 $11) 23. Kg2 (23. Rdc1 $16) 23... f5 (23... a4 $1 $11) 24. exf5 $16 gxf5 25. Rdc1 Rh8 26. Be3 b6 27. Rb1 Rab8 28. f4 (28. Bb5 $142) 28... Bf6 29. Bxc5 (29. Bh5 {seems wilder.} Rhc8 30. Rbc1 Rh8 31. Rd1 Kh6 32. Bf3) 29... bxc5 30. Bd3 Rb4 31. Rc4 Rhb8 32. Rbc1 Rf8 33. Rxb4 ({Much weaker is} 33. Bxf5 Bb2 $15) 33... axb4 {[%mdl 4096] Endgame KRB-KRB} 34. Re1 Rf7 35. Re6 Bd4 36. Kf3 Bc3 37. h3 Bb2 38. Bb5 Bf6 39. Bd3 Bb2 $1 40. Bb5 Bf6 $1 {Accuracy: White = 39%, Black = 50%.} 1/2-1/2

[Event "FIDE WCC 2018"]
[Site "Khanty-Mansiysk"]
[Date "2018.11.10"]
[Round "3.2"]
[White "Lagno, Kateryna"]
[Black "Pogonina, Natalija"]
[Result "1/2-1/2"]
[WhiteElo "2556"]
[BlackElo "2465"]
[Annotator "ChessBase"]
[PlyCount "89"]
[EventDate "2018.11.03"]
[EventType "k.o."]
[EventCountry "RUS"]
[SourceTitle "playchess.com"]
[Source "ChessBase"]
[SourceQuality "1"]
[TimeControl "40/5400+30:1800+30"]

1. e4 {[%emt 0:00:00]} e5 {[%emt 0:00:00]} 2. Nf3 {[%emt 0:00:00]} Nc6 {[%emt 0:00:00]} 3. Bb5 {[%emt 0:00:00]} a6 {[%emt 0:00:00]} 4. Ba4 {[%emt 0:00:00]} Nf6 {[%emt 0:00:00]} 5. O-O {[%emt 0:00:13]} Be7 {[%emt 0:00:29]} 6. Re1 {[%emt 0:00:18]} b5 {[%emt 0:00:12]} 7. Bb3 {[%emt 0:00:05]} d6 {[%emt 0:00:06]} 8. c3 {[%emt 0:00:06]} O-O {[%emt 0:00:44]} 9. h3 {[%emt 0:00:11]} Nb8 {[%emt 0:03:41]} 10. d4 {[%emt 0:01:02]} Nbd7 {[%emt 0:00:19]} 11. Nbd2 {[%emt 0:00:18]} c5 {[%emt 0:00:22]} 12. Nf1 {[%emt 0:01:23]} Re8 {[%emt 0:03:17]} 13. Ng3 {[%emt 0:00:34]} Bf8 {[%emt 0:00:33]} 14. Be3 {[%emt 0:04:13]} Bb7 {[%emt 0:09:41]} 15. d5 {[%emt 0:00:39]} c4 {[%emt 0:01:07]} 16. Bc2 {[%emt 0:00:05]} Qc7 {[%emt 0:00:48]} 17. Qe2 {[%emt 0:02:28]} a5 {[%emt 0:12:29]} 18. b3 {[%emt 0:16:54]} Nc5 {[%emt 0:05:31]} 19. bxc4 {[%emt 0:06:39]} bxc4 {[%emt 0:01:18]} 20. Bxc5 {[%emt 0:05:10]} Qxc5 {[%emt 0:00:47]} 21. Ba4 {[%emt 0:05:19]} Red8 {[%emt 0:02:51]} 22. Rab1 {[%emt 0:05:23]} Ba6 {[%emt 0:01:10]} 23. Rb2 {[%emt 0:08:23]} Rab8 {[%emt 0:15:17]} 24. Reb1 {[%emt 0:03:16]} Qc7 {[%emt 0:00:14]} 25. Bb5 {[%emt 0:02:00]} Bxb5 {[%emt 0:03:01]} 26. Rxb5 {[%emt 0:00:11]} g6 {[%emt 0:06:12]} 27. Nd2 {[%emt 0:08:50]} Rxb5 {[%emt 0:01:11]} 28. Rxb5 {[%emt 0:00:05]} Rc8 {[%emt 0:00:30]} 29. Ngf1 {[%emt 0:00:59]} Bh6 {[%emt 0:06:39]} 30. Qd1 {[%emt 0:03:44]} Nh5 {[%emt 0:07:12]} 31. Ne3 {[%emt 0:17:14]} Bxe3 {[%emt 0:04:21]} 32. fxe3 {[%emt 0:00:03]} Qa7 {[%emt 0:06:10]} 33. Qf3 {[%emt 0:00:13]} Nf4 {[%emt 0:00:37]} 34. Kh2 {[%emt 0:00:36]} Nd3 {[%emt 0:00:13]} 35. Qf6 {[%emt 0:04:17]} a4 {[%emt 0:05:52]} 36. Rb1 {[%emt 0:04:03]} a3 {[%emt 0:02:24]} 37. Rf1 {[%emt 0:00:24]} Qd7 {[%emt 0:01:52]} 38. Nb1 {[%emt 0:01:37]} Ra8 {[%emt 0:00:26]} 39. Nd2 {[%emt 0:00:03]} Nb2 {[%emt 0:00:37]} 40. Qf2 {[%emt 0:00:00]} Qe7 {[%emt 0:00:00]} 41. Qe2 {[%emt 0:04:25]} Ra4 {[%emt 0:13:17]} 42. g4 {[%emt 0:06:43]} Kg7 {[%emt 0:01:23]} 43. Kg3 {[%emt 0:00:33]} h6 {[%emt 0:06:16]} 44. h4 {[%emt 0:00:38]} Ra5 {[%emt 0:01:35]} 45. Nxc4 {[%emt 0:12:16]} 1/2-1/2

[Event "FIDE WCC 2018"]
[Site "Khanty-Mansiysk"]
[Date "2018.11.10"]
[Round "3.2"]
[White "Muzychuk, Mariya"]
[Black "Alinasab, Mobina"]
[Result "1-0"]
[WhiteElo "2545"]
[BlackElo "2236"]
[Annotator "ChessBase"]
[PlyCount "83"]
[EventDate "2018.11.03"]
[EventType "k.o."]
[EventCountry "RUS"]
[SourceTitle "playchess.com"]
[Source "ChessBase"]
[SourceQuality "1"]
[TimeControl "40/5400+30:1800+30"]

1. d4 {[%emt 0:00:00]} d5 {[%emt 0:00:00]} 2. c4 {[%emt 0:00:00]} dxc4 {[%emt 0:00:31]} 3. e4 {[%emt 0:00:00]} e5 {[%emt 0:00:31]} 4. Nf3 {[%emt 0:00:41]} exd4 {[%emt 0:00:14]} 5. Bxc4 {[%emt 0:00:15]} Nc6 {[%emt 0:01:25]} 6. O-O {[%emt 0:01:17]} Be6 {[%emt 0:00:24]} 7. Bb5 {[%emt 0:01:43]} Bc5 {[%emt 0:03:49]} 8. b4 {[%emt 0:00:34]} Bb6 {[%emt 0:05:47]} 9. a4 {[%emt 0:01:40]} a6 {[%emt 0:06:08]} 10. Bxc6+ {[%emt 0:00:41]} bxc6 {[%emt 0:00:02]} 11. a5 {[%emt 0:00:05]} Ba7 {[%emt 0:00:15]} 12. Bb2 {[%emt 0:00:10]} Qd6 {[%emt 0:05:10]} 13. Na3 {[%emt 0:03:29]} Qxb4 {[%emt 0:13:17]} 14. Qc1 {[%emt 0:09:14]} Ne7 {[%emt 0:12:14]} 15. Nc2 {[%emt 0:04:22]} Qc4 {[%emt 0:10:43]} 16. Ncxd4 {[%emt 0:02:20]} c5 {[%emt 0:11:26]} 17. Nxe6 {[%emt 0:06:16]} Qxe6 {[%emt 0:00:02]} 18. Bxg7 {[%emt 0:01:32]} Rg8 {[%emt 0:00:02]} 19. Be5 {[%emt 0:00:10]} O-O-O {[%emt 0:03:58]} 20. Bg3 {[%emt 0:03:44]} Nc6 {[%emt 0:01:10]} 21. Qf4 {[%emt 0:02:36]} Rd7 {[%emt 0:00:24]} 22. h3 {[%emt 0:01:49]} f6 {[%emt 0:02:46]} 23. Rfd1 {[%emt 0:02:31]} Re7 {[%emt 0:01:06]} 24. Kh2 {[%emt 0:06:40]} Rgg7 {[%emt 0:04:29]} 25. Nh4 {[%emt 0:02:30]} Rd7 {[%emt 0:00:54]} 26. Nf5 {[%emt 0:04:07]} Rgf7 {[%emt 0:00:07]} 27. Ne3 {[%emt 0:04:58]} Rxd1 {[%emt 0:01:05]} 28. Rxd1 {[%emt 0:00:04]} Nxa5 {[%emt 0:03:25]} 29. Nd5 {[%emt 0:00:16]} Bb8 {[%emt 0:01:36]} 30. Qe3 {[%emt 0:04:14]} Ba7 {[%emt 0:02:49]} 31. Rb1 {[%emt 0:05:42]} f5 {[%emt 0:03:14]} 32. Qc3 {[%emt 0:02:15]} Nc6 {[%emt 0:03:27]} 33. Qh8+ {[%emt 0:08:21]} Nd8 {[%emt 0:00:02]} 34. Rd1 {[%emt 0:00:16]} Rd7 {[%emt 0:00:24]} 35. exf5 {[%emt 0:08:49]} Qf7 {[%emt 0:01:06]} 36. Qe5 {[%emt 0:00:07]} Nc6 {[%emt 0:00:45]} 37. Qe4 {[%emt 0:00:20]} Kd8 {[%emt 0:02:34]} 38. Nxc7 {[%emt 0:04:35]} Rxd1 {[%emt 0:00:42]} 39. Qxc6 {[%emt 0:00:03]} Rd4 {[%emt 0:00:53]} 40. Ne6+ {[%emt 0:00:00]} Ke7 {[%emt 0:00:00]} 41. Nxd4 {[%emt 0:08:45]} cxd4 {[%emt 0:00:06]} 42. f6+ {[%emt 0:00:33]} 1-0

[Event "FIDE WCC 2018"]
[Site "Khanty-Mansiysk"]
[Date "2018.11.10"]
[Round "3.2"]
[White "Kosteniuk, Alexandra"]
[Black "Harika, Dronavalli"]
[Result "1/2-1/2"]
[WhiteElo "2543"]
[BlackElo "2498"]
[Annotator "TA"]
[PlyCount "57"]
[EventDate "2018.11.03"]
[EventType "k.o."]
[EventCountry "RUS"]
[SourceTitle "playchess.com"]
[Source "ChessBase"]
[SourceQuality "1"]

{[%evp 18,57,30,36,37,41,47,40,51,37,39,24,27,8,12,8,11,20,9,0,2,19,20,0,0,0,0,0,0,0,0,0,0,-2,0,0,0,0,0,0,0,0]} 1. e4 e6 2. d4 d5 3. Nd2 c5 4. exd5 exd5 5. Ngf3 Nc6 6. Bb5 Qe7+ 7. Be2 Qc7 {C09: French Tarrasch: 3...c5 4 exd5 exd5 5 Ngf3 Nc6} 8. O-O Nf6 9. Re1 (9. Bb5 cxd4 10. Re1+ Be7 11. Qe2 a6 12. Bxc6+ bxc6 13. Nxd4 Ra7 14. Qe5 c5 15. Nf5 Qxe5 16. Rxe5 Bxf5 17. Rxf5 {½-½ (41) Mamedov,R (2678)-Harikrishna,P (2733) Antalya 2017}) 9... Be6 10. Bd3 {LiveBook: 3 Games} Be7 11. dxc5 Bxc5 12. Nb3 Bb6 13. Be3 O-O 14. Bxb6 $146 ({Predecessor:} 14. Qd2 Rad8 15. Bxb6 Qxb6 {½-½ (52) Salomon,J (2470)-Johansson,L (2412) Gothenburg 2016}) 14... Qxb6 15. h3 Rad8 {The position is equal.} 16. c3 d4 17. Nfxd4 Nxd4 18. Nxd4 {White wants to play Qd2.} Qxb2 19. Nxe6 fxe6 20. Qc2 Qxc2 21. Bxc2 Rfe8 22. Bb3 Rd6 23. Rad1 Rxd1 24. Rxd1 $11 {KRB-KRN} Kf7 25. f4 Ke7 26. Re1 Kd6 27. Rd1+ Ke7 28. Re1 Kd6 29. Rd1+ {Precision: White = 76%, Black = 97%.} 1/2-1/2

[Event "FIDE WCC 2018"]
[Site "Khanty-Mansiysk"]
[Date "2018.11.10"]
[Round "3.2"]
[White "Gunina, Valentina"]
[Black "Tokhirjonova, Gulrukhbegim"]
[Result "1-0"]
[WhiteElo "2497"]
[BlackElo "2435"]
[Annotator "TA"]
[PlyCount "67"]
[EventDate "2018.11.03"]
[EventType "k.o."]
[EventCountry "RUS"]
[SourceTitle "playchess.com"]
[Source "ChessBase"]
[SourceQuality "1"]

{[%evp 11,67,28,33,27,31,25,30,23,18,21,21,4,31,39,36,27,43,17,66,42,96,45,68,81,181,157,165,158,181,154,233,240,230,204,185,146,313,326,441,326,29991,602,602,599,930,913,906,876,29973,893,5285,1200,1133,900,888,693,862,881]} 1. d4 d5 2. Nf3 Nf6 3. c4 dxc4 4. e3 Bg4 5. Bxc4 e6 6. Nc3 c5 {LiveBook: 4 Games. D25: Queen's Gambit Accepted: 4 e3: sidelines and 4...Bg4} 7. Qa4+ Nbd7 $1 8. Ne5 {Black should prevent dxc5.} cxd4 {White has an edge.} 9. exd4 {aiming for Bg5.} a6 {Threatens to win with ...b5.} 10. Nxg4 Nxg4 11. Be2 Ngf6 12. Bf3 $36 {[%mdl 2048] White has good play.} Qb6 13. g4 $146 ({Predecessor:} 13. O-O Bd6 14. d5 {½-½ (51) Vocaturo,D (2609)-Mannion,S (2285) Caleta 2018}) 13... h6 14. h4 Bd6 15. Bd2 Rc8 (15... O-O-O $14) 16. O-O-O (16. Rc1 $16) 16... h5 17. gxh5 Qc7 (17... Bb4 $16 {was worth a try.}) 18. Kb1 $1 $18 Kf8 19. Bg5 Nb6 20. Qb3 $1 Nxh5 (20... Nc4 $16 21. h6 (21. Qxb7 Qxb7 22. Bxb7 Rb8 $17) (21. Bxb7 $2 Rb8 $19) 21... Rxh6) 21. d5 Nf4 22. dxe6 Nxe6 23. Ne4 {[%cal Bc3e4,Be4d6,Bd6f5][%mdl 32]} Nxg5 $2 (23... Nc4 $16) 24. Nxd6 Rd8 25. Qb4 ({Weaker is} 25. hxg5 Rxh1 26. Rxh1 Qxd6 $16) 25... Qe7 $2 {[#]} (25... a5 $18 26. Qa3 Kg8) 26. Rhe1 (26. Nf5 $142 $1 {[%mdl 512]} Rxd1+ 27. Rxd1 Ne6 28. Qxe7+ Kg8 29. Be4 Rxh4 30. Qe8+ Kh7 31. Qxf7 Kh8 32. Ne7 Rxe4 33. Qh5#) 26... Ne6 {next ...Nc8 is good for Black.} 27. Qxb6 Rxh4 28. Nf5 Rxd1+ 29. Rxd1 Rb4 30. Qa5 (30. Rh1 $142 Ke8 {[#]} 31. Bc6+ $1 {[%mdl 512]} bxc6 32. Qxc6+ Kd8 33. Rh8+ Qf8 34. Qd6+ Kc8 35. Rxf8+ Nxf8 36. Qxf8+ Kd7 37. Qd6+ Kc8 38. Ne7+ Kb7 39. Qc6+ Kb8 40. Qc8+ Ka7 41. Qc7+ Ka8 42. Nc6 Rxb2+ 43. Kxb2 g6 44. Qc8#) 30... b6 {White is clearly winning.} 31. Qe5 (31. Rh1 $142 Rh4 32. Rxh4 Qxh4 33. Qa3+ Kg8 34. Nxh4) 31... Qc7 32. Qxc7 Nxc7 33. Rd8+ Ne8 34. Bc6 {Precision: White = 54%, Black = 30%.} 1-0